Data mining: next generation challenges and future directions : (Record no. 191405)

MARC details
000 -LEADER
fixed length control field 00883nam a2200229Ia 4500
003 - CONTROL NUMBER IDENTIFIER
control field OSt
005 - DATE AND TIME OF LATEST TRANSACTION
control field 20251202101433.0
008 - FIXED-LENGTH DATA ELEMENTS--GENERAL INFORMATION
fixed length control field 210716s2009 xx 000 0 und d
020 ## - INTERNATIONAL STANDARD BOOK NUMBER
International Standard Book Number 9788120327948
040 ## - CATALOGING SOURCE
Transcribing agency AIMIT LIBRARY
041 ## - LANGUAGE CODE
Language code of text/sound track or separate title eng
082 ## - DEWEY DECIMAL CLASSIFICATION NUMBER
Classification number 005.762
Item number KARH
245 ## - TITLE STATEMENT
Title Data mining: next generation challenges and future directions :
Remainder of title next generation challenges and future directions /
Statement of responsibility, etc. Edited by Hillol Kargupta, Anupam Joshi ...{et.al.].
250 ## - EDITION STATEMENT
Edition statement 1st ed.
260 ## - PUBLICATION, DISTRIBUTION, ETC.
Place of publication, distribution, etc. New Delhi :
Name of publisher, distributor, etc. PHI Learning Pvt Ltd ,
Date of publication, distribution, etc. 2009.
300 ## - PHYSICAL DESCRIPTION
Extent xviii,558 p.;
Other physical details PB
Dimensions 22 cm.
650 ## - SUBJECT ADDED ENTRY--TOPICAL TERM
Topical term or geographic name entry element Counterterrorism privacy and data mining
9 (RLIN) 247229
650 ## - SUBJECT ADDED ENTRY--TOPICAL TERM
Topical term or geographic name entry element Scientific data mining
9 (RLIN) 247230
650 ## - SUBJECT ADDED ENTRY--TOPICAL TERM
Topical term or geographic name entry element Web semantics and data mining
9 (RLIN) 247231
700 ## - ADDED ENTRY--PERSONAL NAME
Personal name Joshi, Anupam;Kargupta, Hillol;Sivakumar, Krishnamoorthy;Yesha, Yelena.
9 (RLIN) 247232
942 ## - ADDED ENTRY ELEMENTS (KOHA)
Source of classification or shelving scheme Dewey Decimal Classification
Koha item type Book
Edition 1st
Call number prefix 005.762 KARH
Holdings
Withdrawn status Lost status Damaged status Not for loan Collection code Home library Current library Source of acquisition Cost, normal purchase price Total Checkouts Full call number Barcode Date last seen Cost, replacement price Price effective from Koha item type
        MCA St Aloysius Institute of Management & Information Technology St Aloysius Institute of Management & Information Technology Biblios Book Point 350.00   005.762 KARH MCA10913 05/23/2026 262.50 07/16/2021 Book